000 01478nam a2200409 i 4500
001 194077
003 SpMaBN
005 20240412063010.0
007 ta
008 240410s1999 sp | ||| ||spa
016 7 _abimoBNE19995923302
_2SpMaBN
017 _aM 8573-1999
_bOficina Depósito Legal Madrid
020 _a8423998665
035 _a(OCoLC)432688352
035 _abimo0001336316
040 _aSpMaBN
_bspa
_cSpMaBN
_erdc
080 _a821.134.2-13"11"
130 0 _aPoema del Cid
_9123904
245 1 0 _aCantar de mío Cid /
_ctexto antiguo, Ramón Menéndez Pidal ; prosificación moderna, Alfonso Reyes ; prólogo, Martín de Riquer ; edición, Juan Carlos Conde.
250 _a19ª ed.
260 _aMadrid :
_bEspasa-Calpe,
_c1999.
300 _a525 p. ;
_c18 cm
336 _2rdacontent
_atexto
337 _2rdamedia
_asin mediación
338 _2rdacarrier
_avolumen
490 1 _aColección austral ;
_v20
700 1 _aMenéndez Pidal, Ramón,
_d1869-1968
_980315
700 1 _aReyes, Alfonso,
_d1889-1959
_996554
700 1 _aConde, Juan Carlos
_9235709
830 0 _aColección austral (1987) ;
_9235710
_v20
852 _aES-MaACL
_9201601
_cDEPO1
_jA-15332
_hDonación: Candela Arroyo
903 _9235711
_aArroyo, Candela
_ednr
942 _n0
_cMONOGRAFIA
999 _c194077
_d194077